000
00278nam a22000857a 4500
008
150327b xxu||||| |||| 00| 0 eng d
020
_a
9781608051991
_c
Available
245
_a
Frontiers in Drug Design and Discovery(Vol:1)
_c
Rahman-Atta-Ur
260
_a
USA
_b
Bentham Science Publisher
_c
2014
999
_c
24762
_d
24762